La noblesse militaire, ou, Le patriote françois.

Bibliographic Details
Main Author: Arcq, Philippe-Auguste de Sainte-Foy, chevalier d', 1721-1795
Format: eBook
Language:French
Published: [Place of publication not identified] : [publisher not identified], 1756.
Edition:3e ed.
Series:Making of the modern world (Goldsmiths'-Kress Library of Economic Literature)
Subjects:
Online Access:Connect to the full text of this electronic book

MARC

Tag First Indicator Second Indicator Subfields
LEADER 00000cam a2200000Ia 4500
001 in00002294539
005 20190326203338.0
006 m | d |
007 cr |n||||||||n
008 910326s1756 xx s 000 0 fre d
040 |a TXA  |c GKS  |d OCL  |d Thomson Gale  |d UtOrBLW 
100 1 |a Arcq, Philippe-Auguste de Sainte-Foy,  |c chevalier d',  |d 1721-1795. 
245 1 3 |a La noblesse militaire, ou, Le patriote françois. 
250 |a 3e ed. 
264 1 |a [Place of publication not identified] :  |b [publisher not identified],  |c 1756. 
300 |a v, 210 pages 
336 |a text  |b txt  |2 rdacontent 
337 |a computer  |b c  |2 rdamedia 
338 |a online resource  |b cr  |2 rdacarrier 
500 |a Attributed to P.A. de Sainte-Foix, chevalier d'Arcq--Cf. NUC pre-1956. 
500 |a Response to Coyer's Noblesse commerçante. 
500 |a Reproduction of original from Goldsmiths' Library, University of London. 
500 |a Goldsmiths'-Kress number 09139. 
510 4 |a Higgs, H. Bibl. of economics  |c 1210 
510 4 |a OCLC,  |c 23295668 
533 |a Electronic reproduction.  |b Farmington Hills, Mich. :  |c Thomson Gale,  |d 2005.  |f (The making of the modern world).  |n Available via the World Wide Web.  |n Access limited to licensing agreements.  |7 s2005 miunns 
500 |a Electronic resource. 
600 1 0 |a Coyer,  |c abbé  |q (Gabriel François),  |d 1707-1782.  |t Noblesse commerçante. 
650 0 |a Nobility  |z France. 
651 0 |a France  |x Commerce. 
655 0 |a Electronic books. 
740 0 |a Patriote françois. 
740 0 |a Noblesse militaire. 
830 0 |a Making of the modern world (Goldsmiths'-Kress Library of Economic Literature) 
856 4 0 |u http://proxy.library.tamu.edu/login?url=http://galenet.galegroup.com/servlet/MOME?af=RN&ae=U101021704&srchtp=a&ste=14&locID=txshracd2898  |z Connect to the full text of this electronic book  |t 0 
999 |a MARS 
999 f f |s 34a19edc-e89e-310a-9fa2-27051d2b9293  |i 60f82a6b-97d7-3ff7-9f28-f28fef81f65d  |t 0 
952 f f |a Texas A&M University  |b College Station  |c Electronic Resources  |d Available Online  |t 0  |h No information provided 
998 f f |t 0  |l Available Online